000 01053nam0a22002411 4500
001 rc\391721
005 20260406154217.0
035 _a(NLR Aleph) 005641456
090 _a6673534
_c6673534
100 _a20030616d1989 |||y0rusy50 ca
101 0 _arus
102 _aRU
105 _ay |||||||||
200 1 _aОЦЕНКА и прогноз химиотерапии злокачественных новообразований по цветной осадочной реакции мочи
_eМетод. рекомендации
_fМ-во здравоохранения ГССР, [Онкол. науч. центр
_gСост. Османова В.Р. и др.]
210 _aТбилиси
_cБ. и.
_d1989
215 _a[1], 6 с.
_d20
702 1 _aОсманова
_bВ.Р.
_gВалентина Рефатовна
_4220
712 0 2 _aОнкологический научный центр
_cТбилиси
_3RU\NLR\AUTH\889929562
_9354666
801 0 _aRU
_bNLR
_gpsbo
801 1 _aRU
_bELAR
_2rusmarc
852 _aNLR
_j89-4/21938
942 _cBOOK
980 _aNB